[Event "Topusko Amateur op 6th"]
[Site "Topusko"]
[Date "2017.08.16"]
[Round "6"]
[White "Levacic, Matej"]
[Black "Sakanovic, Samir"]
[Result "1-0"]
[WhiteElo "1674"]
[BlackElo "1953"]
[PlyCount "93"]
[EventDate "2017.08.12"]
[EventType "swiss"]
[EventRounds "9"]
[EventCountry "CRO"]
[SourceTitle "CBM 180 Extra"]
[Source "ChessBase"]
[SourceDate "2017.10.06"]
[SourceVersion "1"]
[SourceVersionDate "2017.10.06"]
[SourceQuality "1"]

1. d4 Nf6 2. Bf4 g6 3. Nc3 Bg7 4. e4 d6 5. Qd2 0-0 6. 0-0-0 b6 7. f3 c5 8. dxc5 bxc5 9. e5 Nh5 10. exd6 Nxf4 11. Qxf4 Be6 12. dxe7 Qxe7 13. Qe4 Nd7 14. Nd5 Qg5+ 15. f4 Bxd5 16. Rxd5 Nf6 17. fxg5 Nxe4 18. Nf3 Rab8 19. c3 h6 20. Bd3 Nf2 21. Rf1 Ng4 22. Re1 hxg5 23. h3 Nf6 24. Rxc5 Rfd8 25. Bc4 Rd7 26. Ne5 Rdb7 27. Bb3 Nd7 28. Bxf7+ Kf8 29. Nxd7+ Rxd7 30. Be6 Re7 31. Rf1+ Ke8 32. Rc6 Be5 33. Kc2 Rd8 34. b4 Bf4 35. Rf2 Rb8 36. a4 Rd8 37. a5 Bg3 38. Rf3 Bf4 39. g3 Rd2+ 40. Kb3 Rd6 41. Rc8+ Rd8 42. Rxd8+ Kxd8 43. gxf4 Rxe6 44. fxg5 Ke7 45. Rf6 Rxf6 46. gxf6+ Kxf6 47. b5 1-0

[Event "Topusko op 5th"]
[Site "Topusko"]
[Date "2016.08.13"]
[Round "9"]
[White "Dasic, Jelena"]
[Black "Sakanovic, Samir"]
[Result "0-1"]
[WhiteElo "1693"]
[BlackElo "2000"]
[PlyCount "138"]
[EventDate "2016.08.06"]
[EventType "swiss"]
[EventRounds "9"]
[EventCountry "CRO"]
[SourceTitle "CBM 173 Extra"]
[Source "ChessBase"]
[SourceDate "2016.08.29"]
[SourceVersion "1"]
[SourceVersionDate "2016.08.29"]
[SourceQuality "1"]

1. Nf3 Nf6 2. d4 g6 3. c4 Bg7 4. Nc3 d6 5. e4 0-0 6. h3 e5 7. d5 a6 8. Be3 c5 9. Qd2 Ne8 10. g4 f6 11. Be2 Nd7 12. Nh2 Rf7 13. f4 exf4 14. Bxf4 Ne5 15. Nf3 Rb8 16. Bxe5 fxe5 17. 0-0-0 b5 18. Rdf1 bxc4 19. Bxc4 Rfb7 20. b3 Qa5 21. Na4 Rb4 22. Bd3 Qc7 23. Nb2 a5 24. Qe2 Nf6 25. Bc4 Bd7 26. Nxe5 Re8 27. Nbd3 dxe5 28. Nxb4 Kh8 29. Nd3 a4 30. Kc2 Qa5 31. Ra1 a3 32. Qe1 Qc7 33. Qe3 Rc8 34. Raf1 Be8 35. Rf3 Qd6 36. Rhf1 Nd7 37. Qc1 Ra8 38. g5 Nb6 39. Kd2 Qc7 40. h4 Nd7 41. Nf2 h5 42. Nd1 Nb6 43. Ne3 Nc8 44. Ke2 Nd6 45. Bd3 Nb5 46. Bxb5 Bxb5+ 47. Nc4 Qd7 48. Ke3 Qg4 49. Rh1 Qg2 50. Rf2 Qg4 51. Qg1 Qd7 52. Nb6 Qa7 53. Nxa8 c4+ 54. Kf3 cxb3 55. axb3 Qxa8 56. Rhh2 Qc8 57. Qe1 Bf8 58. Kg2 Qg4+ 59. Kh1 Bc5 60. Rfg2 Qf3 61. b4 Bd4 62. Qc1 Bc4 63. d6 a2 64. d7 Bb6 65. Qa1 Qxe4 66. Rh3 Bd3 67. d8Q+ Bxd8 68. Rhg3 Qxh4+ 69. Kg1 Bb6+ 0-1

[Event "Topusko op 5th"]
[Site "Topusko"]
[Date "2016.08.06"]
[Round "1"]
[White "Veljacic, Elvis"]
[Black "Sakanovic, Samir"]
[Result "1-0"]
[WhiteElo "1959"]
[BlackElo "2000"]
[PlyCount "80"]
[EventDate "2016.08.06"]
[EventType "swiss"]
[EventRounds "9"]
[EventCountry "CRO"]
[SourceTitle "CBM 173 Extra"]
[Source "ChessBase"]
[SourceDate "2016.08.29"]
[SourceVersion "1"]
[SourceVersionDate "2016.08.29"]
[SourceQuality "1"]

1. d4 Nf6 2. c4 e6 3. Nc3 Bb4 4. e3 c5 5. a3 Bxc3+ 6. bxc3 0-0 7. Bd3 d5 8. Nf3 Nc6 9. 0-0 Qa5 10. Bd2 dxc4 11. Bxc4 b5 12. Be2 c4 13. Qc2 Bb7 14. a4 Nd8 15. Rfb1 Be4 16. Rxb5 Qxb5 17. Qxe4 Nxe4 18. axb5 Nd6 19. Ne5 f6 20. Nxc4 Nxc4 21. Bxc4 Rc8 22. Bb3 Rc7 23. Ra6 Kf7 24. c4 Ke8 25. Bb4 Rff7 26. c5 Rfe7 27. c6 g6 28. f3 Rg7 29. e4 Rge7 30. d5 exd5 31. exd5 Nf7 32. d6 Nxd6 33. Bxd6 Kd8 34. Ra1 Kc8 35. Bxc7 Rxc7 36. Rd1 Re7 37. Rd6 f5 38. Be6+ Kc7 39. Rd7+ Rxd7 40. cxd7 h5 1-0